[Event "2015 Red Deer Open"]
[Site "Red Deer"]
[Date "2015.05.16"]
[Round "3.5"]
[White "Bentley, Bill"]
[Black "Panteluk, Steven"]
[Result "1-0"]
[WhiteElo "1875"]
[BlackElo "1786"]
[PlyCount "93"]
[EventDate "2015.05.17"]
[EventType "swiss"]
[EventRounds "5"]
[EventCountry "CAN"]

1. d4 d5 2. c4 Nf6 3. cxd5 Nxd5 4. Nf3 Nc6 5. e4 Nb6 6. d5 Nb8 7. Nc3 g6 8. Bf4
a6 9. Rc1 Bg7 10. Be2 O-O 11. O-O Bd7 12. Ne5 c6 13. Qb3 Be8 14. Rfd1 Qc8 15.
Qxb6 Bxe5 16. Bxe5 Nd7 17. Qd4 c5 18. Qd2 Nxe5 19. f4 Nd7 20. Na4 Qb8 21. Nxc5
Qa7 22. Qd4 Rc8 23. Nb3 Qb8 24. e5 b5 25. Na5 Rxc1 26. Rxc1 Nb6 27. b3 Bd7 28.
Nc6 Bxc6 29. Rxc6 Nc8 30. Rxa6 Rd8 31. Rc6 Qa8 32. Bxb5 Qxa2 33. Bc4 Qa5 34.
Kf2 Kf8 35. Ra6 Qb4 36. Ra4 Qb7 37. Qc3 Qc7 38. Qb4 f6 39. d6 exd6 40. exf6 Qd7
41. Ra6 Qf5 42. g3 Qxf6 43. Qd2 Qf5 44. Bd5 Qb1 45. Qc3 h5 46. Qf6+ Ke8 47.
Qf7# 1-0

[Event "2015 Red Deer Open"]
[Site "Red Deer"]
[Date "2015.05.16"]
[Round "3.7"]
[White "Schlegel, Zacchary"]
[Black "Scholz, Mike"]
[Result "1/2-1/2"]
[WhiteElo "1489"]
[BlackElo "1440"]
[PlyCount "39"]
[EventDate "2015.05.17"]
[EventType "swiss"]
[EventRounds "5"]
[EventCountry "CAN"]

1. e4 g6 2. d4 Bg7 3. Nf3 d5 4. exd5 Qxd5 5. Nc3 Qd6 6. Be3 a6 7. Bc4 b5 8. Bb3
Bg4 9. h3 Be6 10. Bxe6 Qxe6 11. Ng5 Qc4 12. Qf3 c6 13. O-O-O Nf6 14. Kb1 O-O
15. d5 b4 16. Rd4 Qc5 17. Rdd1 Qc4 18. Rd4 Qc5 19. Rdd1 Qc4 20. Rd4 1/2-1/2

[Event "2015 Red Deer Open"]
[Site "Red Deer"]
[Date "2015.05.17"]
[Round "4.1"]
[White "Nguyen, Kim"]
[Black "Miller, David"]
[Result "1/2-1/2"]
[WhiteElo "2210"]
[BlackElo "2216"]
[PlyCount "111"]
[EventDate "2015.05.17"]
[EventType "swiss"]
[EventRounds "5"]
[EventCountry "CAN"]

1. e4 c5 2. Nf3 d6 3. d4 cxd4 4. Nxd4 Nf6 5. f3 e5 6. Nb3 Be6 7. c4 Nbd7 8. Nc3
a6 9. Be3 Rc8 10. Nd5 Bxd5 11. cxd5 Nh5 12. g3 Be7 13. Qd2 h6 14. Bh3 Bg5 15.
O-O Bxe3+ 16. Qxe3 O-O 17. Rac1 Rb8 18. Rc3 b6 19. Bxd7 Qxd7 20. Rc6 Rfd8 21.
Rfc1 Nf6 22. R1c3 Qb7 23. Qc1 Ne8 24. f4 exf4 25. gxf4 Qd7 26. Qd1 Rdc8 27. Nd4
Nf6 28. Qf3 Re8 29. Re3 Rbc8 30. Qg2 Nxd5 31. Nf5 g6 32. Rxc8 Rxc8 33. Nxh6+
Kg7 34. exd5 Rc1+ 35. Kf2 Rc2+ 36. Re2 Rxe2+ 37. Kxe2 Qb5+ 38. Ke1 Qb4+ 39. Kd1
Qd4+ 40. Kc2 Kxh6 41. Qf3 Qc5+ 42. Kd3 Qg1 43. Qe3 Qb1+ 44. Kc3 Qxa2 45. f5+
Kg7 46. Qd4+ f6 47. Qe4 Qa5+ 48. Kc2 Qc5+ 49. Kb3 gxf5 50. Qxf5 Qb5+ 51. Ka3
Qc5+ 52. Ka2 a5 53. Qg4+ Kf7 54. Qd7+ Kg6 55. Qg4+ Kf7 56. Qd7+ 1/2-1/2

[Event "2015 Red Deer Open"]
[Site "Red Deer"]
[Date "2015.05.17"]
[Round "4.2"]
[White "Hughey, Micah"]
[Black "Cheng, Louis"]
[Result "1-0"]
[WhiteElo "2167"]
[BlackElo "2203"]
[PlyCount "177"]
[EventDate "2015.05.17"]
[EventType "swiss"]
[EventRounds "5"]
[EventCountry "CAN"]

1. e4 c5 2. Nf3 d6 3. c3 Nf6 4. h3 g6 5. Bd3 Bg7 6. Bc2 O-O 7. O-O b6 8. d4 Bb7
9. Re1 Nbd7 10. Bg5 Qc7 11. Nbd2 h6 12. Bh4 e5 13. d5 Nh5 14. Nh2 Nf4 15. f3
Ba6 16. c4 b5 17. b3 Rab8 18. cxb5 Bxb5 19. Nc4 Bxc4 20. bxc4 Rb4 21. Bb3 Rfb8
22. Re3 Nb6 23. Rc1 Nd7 24. Be1 R4b7 25. Nf1 Qd8 26. Kh2 Bf6 27. g3 Nh5 28. Re2
Nf8 29. Ba4 Bg5 30. Ne3 Bxe3 31. Rxe3 Rb2+ 32. Rc2 Rb1 33. Qd2 R1b4 34. Ra3 g5
35. Bb5 a5 36. Qc1 Nd7 37. Bxb4 cxb4 38. Bxd7 bxa3 39. Bb5 Qb6 40. Qxa3 Kg7 41.
Qc3 f6 42. a4 Kf7 43. c5 Qxc5 44. Qxc5 dxc5 45. Rxc5 Ng7 46. Rc7+ Kf8 47. Ra7
Ne8 48. Rxa5 Nd6 49. Bf1 Rb2+ 50. Kg1 Ke7 51. Ra7+ Rb7 52. Rxb7+ Nxb7 53. Kf2
Kd6 54. Bb5 Kc5 55. h4 Nd6 56. hxg5 hxg5 57. Kg2 g4 58. Kf2 gxf3 59. Kxf3 Kb4
60. Bd7 Ka5 61. Bf5 Kxa4 62. Kg4 Kb5 63. Kh5 Nxf5 64. exf5 Kc5 65. g4 e4 66. g5
e3 67. gxf6 e2 68. f7 e1=Q 69. f8=Q+ Kxd5 70. Qa8+ Kd6 71. Qd8+ Kc5 72. Qc7+
Kd5 73. Qd7+ Kc5 74. Kg6 Qg3+ 75. Kf7 Qg4 76. Qe7+ Kc6 77. Qe6+ Kc7 78. f6 Qh5+
79. Ke7 Qc5+ 80. Ke8 Qb5+ 81. Kf8 Qg5 82. Qe7+ Kc8 83. Qe6+ Kc7 84. Qe7+ Kc8
85. Qg7 Qh4 86. Kg8 Qc4+ 87. f7 Kd7 88. Qg5 Qe6 89. Kg7 1-0

[Event "2015 Red Deer Open"]
[Site "Red Deer"]
[Date "2015.05.17"]
[Round "4.3"]
[White "Tran-Ly, Tristan"]
[Black "Kobalenko, Jerry"]
[Result "1/2-1/2"]
[WhiteElo "2122"]
[BlackElo "1917"]
[PlyCount "126"]
[EventDate "2015.05.17"]
[EventType "swiss"]
[EventRounds "5"]
[EventCountry "CAN"]

1. d4 c5 2. d5 e5 3. e4 d6 4. c4 g6 5. Nc3 Bg7 6. g3 Ne7 7. Bg2 O-O 8. Be3 h6
9. Qd2 Kh7 10. h4 f5 11. h5 g5 12. exf5 Bxf5 13. Nf3 Bf6 14. Nh2 Kg7 15. Ne4
Ng8 16. O-O-O Be7 17. Rdg1 g4 18. Qd1 Qd7 19. Nc3 Nf6 20. f3 Na6 21. Qd2 Rh8
22. fxg4 Nxg4 23. Nxg4 Bxg4 24. Rf1 Raf8 25. Rxf8 Bxf8 26. Be4 Bf5 27. Bxh6+
Rxh6 28. Qg5+ Bg6 29. Bxg6 Be7 30. Qf5 Qxf5 31. Bxf5 Nc7 32. g4 Rf6 33. Ne4 Rf8
34. h6+ Kh8 35. Kc2 Rg8 36. Rh5 b5 37. b3 bxc4 38. bxc4 Rf8 39. Ng5 Rf6 40. Kd3
Rf8 41. Ke4 Ne8 42. Ne6 Nf6+ 43. Kf3 Nxh5 44. Nxf8 Bxf8 45. gxh5 Bxh6 46. Kg4
Kg7 47. Be4 Kf6 48. Bg6 Bd2 49. Kf3 Bh6 50. Ke4 Bc1 51. Kd3 Ke7 52. Kc2 Bh6 53.
Kb3 Kd7 54. Ka4 Kc7 55. Ka5 Kb7 56. Bf5 Bg5 57. Kb5 Bh6 58. Be4 Bg5 59. Ka4 Kb6
60. Ka3 Bh6 61. Bf3 Bg5 62. Bg2 Bh6 63. Bh3 Bg5 1/2-1/2

[Event "2015 Red Deer Open"]
[Site "Red Deer"]
[Date "2015.05.17"]
[Round "4.4"]
[White "Steele, Len C."]
[Black "Bentley, Bill"]
[Result "0-1"]
[WhiteElo "1758"]
[BlackElo "1875"]
[PlyCount "91"]
[EventDate "2015.05.17"]
[EventType "swiss"]
[EventRounds "5"]
[EventCountry "CAN"]

1. Nf3 e6 2. d4 f5 3. g3 Nf6 4. Bg2 d5 5. O-O Bd6 6. Nbd2 O-O 7. Ne5 Qe7 8.
Ndf3 Nbd7 9. Bf4 Ne4 10. Nxd7 Bxd7 11. Bxd6 cxd6 12. Nd2 Nf6 13. c4 Bc6 14.
cxd5 Bxd5 15. Bxd5 Nxd5 16. e3 Rac8 17. Qb3 b6 18. Rfc1 Nf6 19. Qd1 Kh8 20.
Rxc8 Rxc8 21. Rc1 Qb7 22. Rxc8+ Qxc8 23. Nb3 Qc4 24. Nc1 g6 25. a3 Kg7 26. Nd3
a5 27. h3 Kf7 28. Nf4 b5 29. Nd3 Ne4 30. Kg2 Ke7 31. f3 Nf6 32. Kf2 g5 33. Ke2
h5 34. Qc1 Nd7 35. h4 gxh4 36. gxh4 Qxc1 37. Nxc1 e5 38. Nd3 Ke6 39. Kd2 Nb6
40. dxe5 Nc4+ 41. Ke2 dxe5 42. e4 f4 43. a4 b4 44. b3 Nd6 45. Nc5+ Kf6 46. Nd7+
0-1

[Event "2015 Red Deer Open"]
[Site "Red Deer"]
[Date "2015.05.17"]
[Round "4.5"]
[White "Morrick, James"]
[Black "Taranik, Alexey"]
[Result "0-1"]
[WhiteElo "1503"]
[BlackElo "1699"]
[PlyCount "54"]
[EventDate "2015.05.17"]
[EventType "swiss"]
[EventRounds "5"]
[EventCountry "CAN"]

1. e4 e6 2. b3 d5 3. exd5 exd5 4. d4 Nf6 5. Bd3 Nc6 6. Ne2 Nb4 7. Bb5+ c6 8.
Bd3 h6 9. O-O Bd6 10. Nf4 Nxd3 11. Qxd3 O-O 12. f3 Qc7 13. Qd2 g5 14. Nd3 Bxh2+
15. Kh1 Nh5 16. g4 Ng3+ 17. Kg2 Nxf1 18. Kxf1 Qg3 19. Qg2 Qxg2+ 20. Kxg2 Bd6
21. Nc3 Bd7 22. Nc5 Bxc5 23. dxc5 f5 24. Kg3 fxg4 25. fxg4 Rae8 26. Bd2 d4 27.
Na4 Re4 0-1

[Event "2015 Red Deer Open"]
[Site "Red Deer"]
[Date "2015.05.17"]
[Round "4.7"]
[White "Panteluk, Steven"]
[Black "Schlegel, Zacchary"]
[Result "1-0"]
[WhiteElo "1786"]
[BlackElo "1489"]
[PlyCount "101"]
[EventDate "2015.05.17"]
[EventType "swiss"]
[EventRounds "5"]
[EventCountry "CAN"]

1. d4 d5 2. Nf3 Nf6 3. c4 e6 4. g3 Nc6 5. Bg2 Be7 6. O-O O-O 7. b3 Re8 8. Nc3
dxc4 9. bxc4 Na5 10. c5 Nd5 11. Nxd5 exd5 12. Qc2 Bf6 13. Re1 Bg4 14. Qd3 c6
15. Rb1 Qd7 16. Bf4 Bf5 17. Qd1 Bxb1 18. Qxb1 Nc4 19. Bg5 Qe6 20. Qxb7 Bxg5 21.
Nxg5 Qf6 22. Nf3 Reb8 23. Qc7 Rc8 24. Qb7 Rcb8 25. Qa6 Rb4 26. Ne5 Nxe5 27.
dxe5 Qe6 28. f4 Qc8 29. Qa5 Qb7 30. h4 Qb5 31. Qc7 Qxc5+ 32. Kh2 Qb6 33. Qe7
Qb7 34. Qd6 Rb8 35. f5 Qb6 36. e6 f6 37. e7 Re8 38. Rc1 Qb8 39. Qe6+ Kh8 40.
Rxc6 Rxh4+ 41. Kg1 Qxg3 42. Kf1 Rf4+ 43. Bf3 Qh4 44. Rc8 Qh1+ 45. Kf2 Qh4+ 46.
Ke3 Rxf3+ 47. Kxf3 Qe4+ 48. Kf2 Qh4+ 49. Ke3 Qg5+ 50. Kd3 Qg3+ 51. e3 1-0

[Event "2015 Red Deer Open"]
[Site "Red Deer"]
[Date "2015.05.17"]
[Round "4.9"]
[White "Boake, Leslie"]
[Black "Schlegel, Allan"]
[Result "1-0"]
[WhiteElo "1287"]
[BlackElo "768"]
[PlyCount "61"]
[EventDate "2015.05.17"]
[EventType "swiss"]
[EventRounds "5"]
[EventCountry "CAN"]

1. e4 e5 2. Nf3 d6 3. Nc3 c6 4. d4 Nd7 5. Bc4 b5 6. Bb3 Ngf6 7. Bg5 h6 8. Bh4
Nb6 9. dxe5 dxe5 10. Qxd8+ Kxd8 11. Nxe5 Ke8 12. O-O-O b4 13. Bxf7+ Ke7 14. Ne2
Be6 15. Bh5 Rd8 16. Ng6+ Kf7 17. Nxh8+ Kg8 18. Rxd8 Nxh5 19. Ng6 Bxa2 20. b3 a5
21. Kb2 Bxb3 22. cxb3 c5 23. Rxf8+ Kh7 24. Ne5 a4 25. bxa4 Nxa4+ 26. Kb3 Nc3
27. Nxc3 bxc3 28. Kxc3 g5 29. Rf7+ Kg8 30. Bg3 Nxg3 31. fxg3 1-0

[Event "2015 Red Deer Open"]
[Site "Red Deer"]
[Date "2015.05.17"]
[Round "5.1"]
[White "Nguyen, Kim"]
[Black "Hughey, Micah"]
[Result "0-1"]
[WhiteElo "2210"]
[BlackElo "2167"]
[PlyCount "50"]
[EventDate "2015.05.17"]
[EventType "swiss"]
[EventRounds "5"]
[EventCountry "CAN"]

1. e4 e5 2. Nf3 Nc6 3. Bb5 Nf6 4. d3 Bc5 5. c3 d6 6. h3 O-O 7. O-O Re8 8. Ba4
Bd7 9. Be3 Bxe3 10. fxe3 d5 11. exd5 Nxd5 12. Qd2 e4 13. c4 Nxe3 14. Qxe3 exf3
15. Qf4 Ne5 16. Bc2 fxg2 17. Kxg2 Bc6+ 18. Kh2 Qd6 19. Nc3 Nf3+ 20. Kg3 Qxf4+
21. Kxf4 Nd4 22. Bd1 Re6 23. Bg4 f5 24. Bxf5 Rf8 25. Kg4 h5+ 0-1

[Event "2015 Red Deer Open"]
[Site "Red Deer"]
[Date "2015.05.17"]
[Round "5.2"]
[White "Miller, David"]
[Black "Bentley, Bill"]
[Result "1-0"]
[WhiteElo "2216"]
[BlackElo "1875"]
[PlyCount "89"]
[EventDate "2015.05.17"]
[EventType "swiss"]
[EventRounds "5"]
[EventCountry "CAN"]

1. e4 e6 2. d4 d5 3. Nc3 Nf6 4. e5 Nfd7 5. f4 c5 6. Nf3 Nc6 7. Be3 Be7 8. Qd2
O-O 9. dxc5 Bxc5 10. Bxc5 Nxc5 11. O-O-O a6 12. Qf2 Qb6 13. Qh4 f6 14. Bd3
Nxd3+ 15. Rxd3 fxe5 16. fxe5 Qb4 17. Qe1 Bd7 18. a3 Qf4+ 19. Kb1 b5 20. Ne2 Qc4
21. Ned4 Nxd4 22. Rxd4 Qc5 23. Qd2 a5 24. c3 Be8 25. Nh4 Bd7 26. Rd1 Rab8 27.
g4 Rfc8 28. Qg5 Qf8 29. Rf4 Qd8 30. Qxd8+ Rxd8 31. Nf3 Rf8 32. Rdd4 h6 33. h4
Rxf4 34. Rxf4 Rf8 35. Rxf8+ Kxf8 36. Nd4 Kf7 37. Kc1 Ke7 38. Kd2 Kd8 39. b4 a4
40. Ke3 g6 41. Ne2 Ke7 42. Kd4 Kd8 43. g5 hxg5 44. hxg5 Ke7 45. Kc5 1-0

[Event "2015 Red Deer Open"]
[Site "Red Deer"]
[Date "2015.05.17"]
[Round "5.3"]
[White "Kobalenko, Jerry"]
[Black "Cheng, Louis"]
[Result "1/2-1/2"]
[WhiteElo "1917"]
[BlackElo "2203"]
[PlyCount "58"]
[EventDate "2015.05.17"]
[EventType "swiss"]
[EventRounds "5"]
[EventCountry "CAN"]

1. Nf3 d5 2. g3 Nf6 3. Bg2 c5 4. d4 e6 5. O-O Nc6 6. b3 cxd4 7. Nxd4 Bc5 8. Bb2
O-O 9. e3 Qe7 10. c4 Bd7 11. Nd2 Rfd8 12. Qe2 e5 13. Nc2 Bf5 14. Rfc1 Bxc2 15.
Rxc2 d4 16. exd4 Nxd4 17. Bxd4 Bxd4 18. Rf1 Rd7 19. Ne4 a5 20. Kh1 Ra6 21. f4
exf4 22. Rxf4 Kf8 23. Nxf6 Rxf6 24. Qxe7+ Rxe7 25. Rxf6 Bxf6 26. Bf3 Be5 27.
Kg2 f5 28. Re2 Kf7 29. Bxb7 Bd6 1/2-1/2

[Event "2015 Red Deer Open"]
[Site "Red Deer"]
[Date "2015.05.17"]
[Round "5.4"]
[White "Quiring, John"]
[Black "Panteluk, Steven"]
[Result "1/2-1/2"]
[WhiteElo "1876"]
[BlackElo "1786"]
[PlyCount "44"]
[EventDate "2015.05.17"]
[EventType "swiss"]
[EventRounds "5"]
[EventCountry "CAN"]

1. c4 Nf6 2. Nf3 g6 3. g3 Bg7 4. Bg2 O-O 5. O-O c5 6. d3 Nc6 7. Nc3 d6 8. Re1
Re8 9. Rb1 e5 10. e4 Be6 11. Be3 Rc8 12. Ng5 Nd4 13. Nxe6 fxe6 14. b4 b6 15.
bxc5 Rxc5 16. Nb5 Qb8 17. Nxd4 exd4 18. Bf4 e5 19. Bg5 Ra5 20. Bxf6 Bxf6 21.
Qb3 Kg7 22. Re2 Rc8 1/2-1/2

[Event "2015 Red Deer Open"]
[Site "Red Deer"]
[Date "2015.05.17"]
[Round "5.5"]
[White "Hughey, Leah"]
[Black "Morrick, James"]
[Result "1-0"]
[WhiteElo "1726"]
[BlackElo "1503"]
[PlyCount "53"]
[EventDate "2015.05.17"]
[EventType "swiss"]
[EventRounds "5"]
[EventCountry "CAN"]

1. c4 g6 2. g3 Bg7 3. Bg2 e6 4. Nc3 Ne7 5. d4 d6 6. e4 O-O 7. Nge2 e5 8. Bg5 f6
9. Be3 Nd7 10. Qb3 Kh8 11. h4 Nc6 12. h5 g5 13. h6 Nb6 14. hxg7+ Kxg7 15. Qd1
Nxc4 16. Nd5 exd4 17. Bxd4 N6e5 18. b3 Nb6 19. Nec3 c6 20. Ne3 c5 21. Qh5 Rh8
22. Bxe5 dxe5 23. Rd1 Qe8 24. Qh6+ Kg8 25. Ncd5 Qg6 26. Nxf6+ Kf7 27. Qxg6+ 1-0

[Event "2015 Red Deer Open"]
[Site "Red Deer"]
[Date "2015.05.17"]
[Round "5.6"]
[White "Scholz, Mike"]
[Black "Boake, Leslie"]
[Result "1-0"]
[WhiteElo "1440"]
[BlackElo "1287"]
[PlyCount "89"]
[EventDate "2015.05.17"]
[EventType "swiss"]
[EventRounds "5"]
[EventCountry "CAN"]

1. Nc3 e5 2. Nf3 Nc6 3. e4 Nf6 4. Bb5 Bc5 5. Bxc6 dxc6 6. d3 Bb6 7. Bg5 Qe7 8.
O-O O-O 9. a3 Bg4 10. b4 Bxf3 11. Qxf3 a6 12. Rab1 Ba7 13. a4 b5 14. axb5 axb5
15. Be3 c5 16. Nxb5 c6 17. Nxa7 Qxa7 18. Bxc5 Qd7 19. Bxf8 Kxf8 20. Ra1 Rb8 21.
c3 Ne8 22. Ra2 Nc7 23. Ra7 Kg8 24. Rd1 Qe7 25. Qe3 Kf8 26. g3 f6 27. Rda1 Qd6
28. Rxc7 Qxc7 29. Ra7 Qd8 30. Qc5+ Kg8 31. Qc4+ Kh8 32. Qf7 Qf8 33. Qxf8+ Rxf8
34. Rc7 Rd8 35. Rxc6 h6 36. b5 Rxd3 37. b6 Rd1+ 38. Kg2 Rb1 39. c4 Kg8 40. c5
Kf8 41. Rc7 Ke8 42. Rxg7 Kd8 43. b7 h5 44. c6 Rxb7 45. cxb7 1-0

[Event "2015 Red Deer Open"]
[Site "Red Deer"]
[Date "2015.05.17"]
[Round "5.8"]
[White "Schlegel, Allan"]
[Black "Taranik, Nikita"]
[Result "0-1"]
[WhiteElo "768"]
[BlackElo "1061"]
[PlyCount "68"]
[EventDate "2015.05.17"]
[EventType "swiss"]
[EventRounds "5"]
[EventCountry "CAN"]

1. d4 d5 2. Nf3 Nc6 3. e3 Nf6 4. c4 e6 5. Ne5 Bd6 6. Nc3 Nxe5 7. dxe5 Bxe5 8.
c5 O-O 9. f4 Bxc3+ 10. bxc3 Ne4 11. Bd2 Qh4+ 12. Ke2 Qg4+ 13. Kd3 Nf2+ 14. Kc2
Nxd1 15. Rxd1 Re8 16. Re1 e5 17. h3 Qg6+ 18. Kd1 Bd7 19. g4 Qb1+ 20. Ke2 Bb5+
21. Kf2 Qb2 22. Bxb5 Qxb5 23. Rb1 Qxc5 24. Rxb7 exf4 25. Kf3 fxe3 26. Bxe3
Qxe3+ 27. Kg2 d4 28. Rf1 Qe4+ 29. Rf3 Qxb7 30. cxd4 Re3 31. Kg3 Qxf3+ 32. Kh4
Rb8 33. Kh5 Rb5+ 34. Kh4 Qxh3# 0-1

[Event "10th Edmonton International"]
[Site "Edmonton"]
[Date "2015.06.28"]
[Round "9.2"]
[White "Wang, Hao"]
[Black "Harikrishna, Pentala"]
[Result "1/2-1/2"]
[WhiteElo "2704"]
[BlackElo "2733"]
[PlyCount "133"]
[EventDate "2015.06.20"]
[EventType "tourn"]
[EventRounds "9"]
[EventCountry "CAN"]

1. c4 Nf6 2. Nc3 e5 3. Nf3 Nc6 4. g3 Bb4 5. Nd5 Nxd5 6. cxd5 Nd4 7. Nxd4 exd4
8. Bg2 O-O 9. O-O d6 10. Qc2 Bc5 11. b3 Bg4 12. e3 Qd7 13. Bb2 Bf5 14. e4 Bg6
15. d3 Rfe8 16. Kh1 Rac8 17. f4 f6 18. Qf2 Qb5 19. Bxd4 Qxd3 20. Bxc5 dxc5 21.
Rad1 Qa6 22. Rfe1 Qd6 23. Qb2 Rcd8 24. e5 fxe5 25. fxe5 Qe7 26. h4 Bh5 27. Rd2
g5 28. hxg5 Qxg5 29. Qc3 Rd6 30. Rf2 Qg7 31. Re3 Rg6 32. Kg1 Rg5 33. e6 Qxc3
34. Rxc3 c6 35. dxc6 bxc6 36. Re3 Bg4 37. e7 Rg6 38. Rc2 Kf7 39. Rxc5 Rxe7 40.
Rxe7+ Kxe7 41. Bxc6 Kd6 42. Rc3 Rg5 43. Be4 Ra5 44. Rc2 h5 45. Kf2 Bd7 46. Rd2+
Kc7 47. Bd5 Rc5 48. Ke3 Rc1 49. Bf3 Be8 50. Kf4 Rf1 51. Rc2+ Kd6 52. Rc3 Rf2
53. a3 a5 54. Kg5 Rh2 55. Rc8 Bd7 56. Ra8 a4 57. bxa4 Ra2 58. Ra6+ Ke7 59. a5
Rxa3 60. Kf4 Ra4+ 61. Be4 Bb5 62. Ra7+ Kd6 63. Ke3 Ra3+ 64. Kf4 Ra4 65. Ke3
Ra3+ 66. Kd4 Ra4+ 67. Ke3 1/2-1/2

[Event "10th Edmonton International Open"]
[Site "Edmonton"]
[Date "2015.06.26"]
[Round "1.1"]
[White "Hughey, Leah"]
[Black "Haynes, Nicolas"]
[Result "0-1"]
[WhiteElo "1754"]
[BlackElo "2297"]
[PlyCount "122"]
[EventDate "2015.06.26"]
[EventType "swiss"]
[EventRounds "5"]
[EventCountry "CAN"]

1. c4 e5 2. Nc3 Nf6 3. Nf3 Nc6 4. g3 Bb4 5. Bg2 Bxc3 6. bxc3 O-O 7. d4 d6 8.
Ba3 Re8 9. O-O e4 10. Nd2 e3 11. Nb3 exf2+ 12. Rxf2 Ng4 13. Rf4 Ne3 14. Qd3 Qg5
15. Be4 f5 16. Qxe3 Kh8 17. Qd3 fxe4 18. Qxe4 Be6 19. Bc1 Bg8 20. Qf3 Qe7 21.
e4 Bxc4 22. Ba3 Rf8 23. e5 Rxf4 24. gxf4 Qf7 25. exd6 Bd5 26. Qg3 cxd6 27. Bxd6
Re8 28. Be5 Nxe5 29. dxe5 Qf5 30. Nd4 Qe4 31. Re1 Qg6 32. Qxg6 hxg6 33. a3 Kg8
34. Kf2 a6 35. Kg3 Kf7 36. Kg4 Rh8 37. h4 Rc8 38. Rc1 Rc4 39. Kg5 Be4 40. Kg4
Ra4 41. e6+ Ke7 42. Re1 Bd3 43. Re3 Bb1 44. h5 gxh5+ 45. Kxh5 g6+ 46. Kg5 Rxa3
47. Rh3 Ra5+ 48. Kh6 Kf6 49. Rh4 Rc5 50. Rh3 Rc8 51. Kh7 g5+ 52. f5 Bxf5+ 53.
Nxf5 Kxf5 54. Re3 Kf6 55. e7 Re8 56. Rf3+ Ke6 57. Kh6 Rxe7 58. Kxg5 Rg7+ 59.
Kh4 Kd5 60. Rf4 Rc7 61. Rb4 Rc4+ 0-1

[Event "10th Edmonton International Open"]
[Site "Edmonton"]
[Date "2015.06.26"]
[Round "1.2"]
[White "Rekhson, Vladislav"]
[Black "Kadavil, Suresh"]
[Result "1-0"]
[WhiteElo "2219"]
[BlackElo "1721"]
[PlyCount "55"]
[EventDate "2015.06.26"]
[EventType "swiss"]
[EventRounds "5"]
[EventCountry "CAN"]

1. c4 b6 2. Nc3 Bb7 3. e4 e6 4. d4 Nf6 5. e5 Ne4 6. Nf3 Na6 7. Bd3 Nxc3 8. bxc3
Be7 9. Qe2 g5 10. O-O h5 11. Nd2 g4 12. Ne4 Rg8 13. f3 f5 14. exf6 Bxf6 15.
fxg4 Bh8 16. g5 Qe7 17. Qxh5+ Kd8 18. g6 Kc8 19. Bg5 Qe8 20. Rf7 Bc6 21. Re7
Qxg6 22. Nd6+ cxd6 23. Bxg6 Kc7 24. Rf1 e5 25. d5 Bb7 26. Rxd7+ Kxd7 27. Qg4+
Kc7 28. Rf7+ 1-0

[Event "10th Edmonton International Open"]
[Site "Edmonton"]
[Date "2015.06.26"]
[Round "1.4"]
[White "Fellah, Mohamad"]
[Black "Mo, Michelle"]
[Result "1-0"]
[WhiteElo "1793"]
[BlackElo "1511"]
[PlyCount "95"]
[EventDate "2015.06.26"]
[EventType "swiss"]
[EventRounds "5"]
[EventCountry "CAN"]

1. e4 c5 2. Nf3 d6 3. d4 cxd4 4. Nxd4 Nf6 5. Nc3 a6 6. Be3 e6 7. f3 Be7 8. Qd2
b5 9. g4 Bb7 10. g5 Nfd7 11. a3 Nc6 12. Nxc6 Bxc6 13. O-O-O Rb8 14. Ne2 a5 15.
Nd4 Qc7 16. Qc3 Rc8 17. Bxb5 Bxb5 18. Qxc7 Rxc7 19. Nxb5 Rc6 20. Bf4 e5 21. Be3
O-O 22. Rd2 Nb6 23. b3 Rd8 24. Na7 Rc3 25. Bxb6 Rb8 26. Bxa5 Rc5 27. b4 Rc3 28.
Kb2 Rc5 29. h4 Rxa5 30. Nc6 Rab5 31. Nxe7+ Kf8 32. Nc6 R8b7 33. Rxd6 g6 34. c4
R5b6 35. c5 Rb5 36. Nxe5 Ke7 37. Nc6+ Kf8 38. Kc3 Kg7 39. a4 h5 40. axb5 Rxb5
41. Kc4 f5 42. Kxb5 fxe4 43. Ra1 Kf8 44. Ra8+ Kf7 45. Rd7+ Ke6 46. Rd6+ Kf7 47.
Ra7+ Ke8 48. Rd8# 1-0

[Event "10th Edmonton International Open"]
[Site "Edmonton"]
[Date "2015.06.26"]
[Round "1.5"]
[White "Shrestha, Prayus"]
[Black "Young, Joseph"]
[Result "1-0"]
[WhiteElo "1458"]
[BlackElo "1834"]
[PlyCount "95"]
[EventDate "2015.06.26"]
[EventType "swiss"]
[EventRounds "5"]
[EventCountry "CAN"]

1. d4 Nf6 2. Nf3 d5 3. c4 e6 4. Nc3 Bb4 5. a3 Bxc3+ 6. bxc3 O-O 7. e3 b6 8.
cxd5 exd5 9. Bd3 Bg4 10. O-O Ne4 11. c4 c6 12. Bb2 Re8 13. Be2 Re6 14. Ne5 Bxe2
15. Qxe2 f6 16. cxd5 cxd5 17. Qg4 Qe8 18. Nd3 Nd2 19. Rfc1 Nc4 20. Bc3 g6 21.
Nf4 Rd6 22. Bb4 Rd7 23. Qf3 Qf7 24. Rxc4 Na6 25. Rc6 Rad8 26. Rac1 Nxb4 27.
axb4 Rd6 28. Rc7 R6d7 29. Rc8 Kg7 30. Rxd8 Rxd8 31. Rc6 Kh8 32. h3 f5 33. Qe2
g5 34. Nd3 Qb7 35. Ne5 Re8 36. Qb5 Rc8 37. Rxc8+ Qxc8 38. Qc6 Qf8 39. Qxd5 Qxb4
40. Nf7+ Kg7 41. Qxf5 a5 42. Nxg5 a4 43. Qxh7+ Kf6 44. h4 Qb3 45. Ne4+ Ke6 46.
Qg8+ Kf5 47. Qxb3 axb3 48. Nc3 1-0

[Event "10th Edmonton International Open"]
[Site "Edmonton"]
[Date "2015.06.26"]
[Round "1.8"]
[White "Sabogal, Edison"]
[Black "Koperski, Dustin"]
[Result "1-0"]
[WhiteElo "1905"]
[BlackElo "1777"]
[PlyCount "31"]
[EventDate "2015.06.26"]
[EventType "swiss"]
[EventRounds "5"]
[EventCountry "CAN"]

1. e4 c5 2. Nf3 a6 3. c3 e6 4. d4 cxd4 5. cxd4 d5 6. exd5 Qxd5 7. Nc3 Bb4 8.
Bd3 Nf6 9. O-O Bxc3 10. bxc3 O-O 11. Bg5 Ne4 12. c4 Qc6 13. Ne5 Qd6 14. Bxe4 f6
15. Qh5 g6 16. Bxg6 1-0

[Event "10th Edmonton International Open"]
[Site "Edmonton"]
[Date "2015.06.27"]
[Round "2.1"]
[White "Haynes, Nicolas"]
[Black "Fellah, Mohamad"]
[Result "0-1"]
[WhiteElo "2297"]
[BlackElo "1793"]
[PlyCount "76"]
[EventDate "2015.06.26"]
[EventType "swiss"]
[EventRounds "5"]
[EventCountry "CAN"]

1. d4 Nf6 2. c4 g6 3. Nf3 Bg7 4. Nc3 O-O 5. e4 d6 6. Be2 e5 7. O-O Nc6 8. d5
Ne7 9. b4 Nd7 10. Be3 f5 11. Ng5 Nf6 12. f3 h6 13. Ne6 Bxe6 14. dxe6 c6 15. Qd2
f4 16. Bf2 Nc8 17. c5 d5 18. exd5 cxd5 19. Rad1 Ne7 20. Bb5 d4 21. Ne4 Ned5 22.
Bc4 Kh7 23. Nd6 Qe7 24. Rfe1 Nc3 25. Rc1 Nfd5 26. a3 a5 27. Nf7 Qxe6 28. Bxd4
axb4 29. axb4 Rxf7 30. Bxc3 Rd7 31. Qb2 Re7 32. Qb3 Rd8 33. Rcd1 Red7 34. Rd3
Qc6 35. Bxe5 Bxe5 36. Rxe5 Ne3 37. Re6 Qxe6 38. Bxe6 Rxd3 0-1

[Event "10th Edmonton International Open"]
[Site "Edmonton"]
[Date "2015.06.27"]
[Round "2.2"]
[White "Yao, David"]
[Black "Rekhson, Vladislav"]
[Result "1/2-1/2"]
[WhiteElo "1889"]
[BlackElo "2219"]
[PlyCount "44"]
[EventDate "2015.06.26"]
[EventType "swiss"]
[EventRounds "5"]
[EventCountry "CAN"]

1. Nf3 d5 2. g3 Bg4 3. Bg2 Nc6 4. d4 f6 5. Nc3 e5 6. dxe5 d4 7. Ne4 fxe5 8. h3
Bf5 9. Ned2 Qd7 10. a3 Nf6 11. Nc4 Qe6 12. b3 O-O-O 13. Bg5 h6 14. Bxf6 gxf6
15. Nh4 Bh7 16. Qd2 Be7 17. Nf3 f5 18. Na5 e4 19. Nxc6 exf3 20. Nxe7+ Qxe7 21.
Bxf3 f4 22. Qxf4 Bxc2 1/2-1/2

[Event "10th Edmonton International Open"]
[Site "Edmonton"]
[Date "2015.06.27"]
[Round "2.3"]
[White "Wang, Kaixin"]
[Black "Sabogal, Edison"]
[Result "0-1"]
[WhiteElo "1805"]
[BlackElo "1905"]
[PlyCount "80"]
[EventDate "2015.06.26"]
[EventType "swiss"]
[EventRounds "5"]
[EventCountry "CAN"]

1. e4 e6 2. f4 c5 3. Nf3 Nc6 4. c3 d5 5. exd5 exd5 6. d4 Bg4 7. Be2 Nf6 8. O-O
Qb6 9. Ne5 Bf5 10. Nxc6 bxc6 11. Bd3 Be4 12. a3 cxd4 13. Bxe4 dxc3+ 14. Kh1
Nxe4 15. Qe2 cxb2 16. Bxb2 Rb8 17. Be5 Qb5 18. Qe1 Rb7 19. Nc3 Nxc3 20. Bxc3+
Re7 21. Qf2 f6 22. Rfe1 c5 23. a4 Qc6 24. Rac1 Kf7 25. Rxe7+ Bxe7 26. a5 Rb8
27. Bd4 Qb5 28. Bxc5 Bxc5 29. Rxc5 Qxc5 30. Qxc5 Rb1+ 31. Qg1 Rxg1+ 32. Kxg1
Ke6 33. Kf2 d4 34. Ke2 Kd5 35. Kd3 a6 36. h4 h5 37. g3 f5 38. Kd2 Ke4 39. Ke2
d3+ 40. Kd2 Kd4 0-1